Soil nailing (Record no. 104856)

MARC details
000 -LEADER
fixed length control field 01161cam a2200265 4500
001 - CONTROL NUMBER
control field ##L131826
008 - FIXED-LENGTH DATA ELEMENTS--GENERAL INFORMATION
fixed length control field 051212n2005 000 0 eng u
020 ## - INTERNATIONAL STANDARD BOOK NUMBER
International Standard Book Number 0860176371
035 ## - SYSTEM CONTROL NUMBER
System control number (Sirsi) u131826
041 0# - LANGUAGE CODE
Language code of text/sound track or separate title eng
050 04 - LIBRARY OF CONGRESS CALL NUMBER
Classification number 624.1513 $2 18
100 1# - MAIN ENTRY--PERSONAL NAME
Personal name Phear, A.
245 00 - TITLE STATEMENT
Title Soil nailing
Remainder of title best practice guidance
260 ## - PUBLICATION, DISTRIBUTION, ETC.
Place of publication, distribution, etc. London
Name of publisher, distributor, etc. CIRIA
Date of publication, distribution, etc. 2005
300 ## - PHYSICAL DESCRIPTION
Extent 286p
Other physical details ill, diagrams, tables
Dimensions 30cm
490 #0 - SERIES STATEMENT
Series statement CIRIA
Volume/sequential designation C637
520 ## - SUMMARY, ETC.
Summary, etc. Soil nailing is a technique where either natural ground or fill material is reinforced by the insertion of slender tension-carrying elements called soil nails. This book provides a guide on the routine use of the technique, and covers the design, construction, testing and maintenance of soil-nailed walls and slopes. Based on a detailed review of published literature, consultation with industry experts and practitioners, case studies, and existing codes and standards.
690 ## - LOCAL SUBJECT ADDED ENTRY--TOPICAL TERM (OCLC, RLIN)
Topical term or geographic name as entry element BUILT ENVIRONMENT-ENGINEERING-CIVIL ENGINEERING-GROUND ENGINEERING
700 1# - ADDED ENTRY--PERSONAL NAME
Personal name Dew, C.
700 1# - ADDED ENTRY--PERSONAL NAME
Personal name Ozsoy, B.
700 1# - ADDED ENTRY--PERSONAL NAME
Personal name Wharmby, N. J.
700 1# - ADDED ENTRY--PERSONAL NAME
Personal name Judge, J.
700 1# - ADDED ENTRY--PERSONAL NAME
Personal name Barley, A. D.
942 ## - ADDED ENTRY ELEMENTS (KOHA)
Suppress in OPAC 0
Holdings
Withdrawn status Lost status Source of classification or shelving scheme Damaged status Not for loan Home library Current library Shelving location Date acquired Total Checkouts Full call number Barcode Date last seen Copy number Price effective from Koha item type
    Dewey Decimal Classification     London London Books 12/12/2005   F624.1513 PHE 30061310 06/08/2019 1 06/08/2019 Book